| 000 | 00529nam a2200193Ia 4500 | ||
|---|---|---|---|
| 003 | LK-CoDNM | ||
| 008 | 010623t1988 xxu||||| |||| 00| 1 sin d | ||
| 040 |
_aLK-CoDNM _dLK-CoDNM _eLK-CoDNM |
||
| 041 | _asin | ||
| 080 | _a(x)398.54(3) | ||
| 100 | _aDisanayeka, Mudiyanse | ||
| 245 | _aකොහොඹා යක් කංකාරිය සහ සමාජය | ||
| 246 | _aKohombaa yak kankaariya saha samajaya | ||
| 260 |
_bAuthor _c1988 |
||
| 300 | _b180, 22 cm | ||
| 650 | _aCulture | ||
| 650 | _aRitual | ||
| 942 | _cBK | ||
| 999 |
_c114012 _d114012 |
||